header

God, evil, and design (Record no. 67400)

MARC details
000 -LEADER
fixed length control field 01416nam a2200349 a 4500
082 04 - DEWEY DECIMAL CLASSIFICATION NUMBER
Classification number 214
100 1# - MAIN ENTRY--AUTHOR NAME
Personal name O'Connor, David,
245 10 - TITLE STATEMENT
Title God, evil, and design
260 ## - PUBLICATION, DISTRIBUTION, ETC. (IMPRINT)
Place of publication Malden, MA ;
-- Oxford :
Name of publisher Blackwell Pub.,
Year of publication 2008.
300 ## - PHYSICAL DESCRIPTION
Number of Pages viii, 226 p.
505 0# - FORMATTED CONTENTS NOTE
Formatted contents note The logic of God and evil -- Design and evil -- Evil and design -- Taking stock.
650 #0 - SUBJECT ADDED ENTRY--TOPICAL TERM
Topical Term Theodicy.
Topical Term Good and evil.
856 40 - ELECTRONIC LOCATION AND ACCESS
Uniform Resource Identifier http://site.ebrary.com/lib/rucke/Doc?id=10300680

No items available.

© 2026 Rongo University
Contact us: librarian | system librarian | Rongo university